01692nam a2200397 i 4500001001000000003000900010005001700019007000300036008003600039020001800075040003000093041000800123082002400131100005000155245005300205264007200258300002800330336002800358337003500386338003000421490009100451490002500542500007000567500007300637504003900710590002700749600003700776651006200813700004700875710006100922830011900983910003701102942001401139952012401153999001701277000043274DO-SdBNP20260321073643.0ta140303s 2009 sp 000 0 spa d a9788483470992 aDO-SdBNPbspacBNPHUerda aspa 4a320.97293bB7422221 a Bosch, Juan, d1909-2001eautor4aut.97655510aJuan Bosch /cedición de Pablo A. Maríñez. aMadrid :bAgencia Española de Cooperación Internacional,c2009. a273 páginas ;c24 cm. atextobtxt2rdacontent  asin mediación bn2rdamedia  avolumen bnc2rdacarrier 1 aAntología del pensamiento político, social y económico de América Latina ;v241 aCiencias y humanismo aIncluye datos biográficos del autor en al solapa de la cubierta aIncluye referencias bibliográficas y notas al pie de las páginas aBibliografía: páginas 263- 273 aInventariado, 2023/MFF10a Bosch, Juan, d1909-2001976555 4aRepública DominicanaxPolítica y gobiernoy1961-92041 aMaríñez, Pablo A.,eeditor4ed.9708932 aAgencia Española de Cooperación Internacional934585 0aAntología del pensamiento político, social y económico de América Latina v24970870pCiencias y humanismo aValidado. Control de calidad MFF 2ddccLBS1 00102ddc51708PDaBNPHUbBNPHUcHDd2014-03-04l0oBNPHU PD 320.97293 B742j p43274-10r2020-06-25w2020-06-25yLBS1 c42763d42763